Business management and administration: (Record no. 3139)
[ view plain ]
| 000 -LEADER | |
|---|---|
| fixed length control field | 00996nam a2200157 4500 |
| 020 ## - INTERNATIONAL STANDARD BOOK NUMBER | |
| ISBN | 9789988134709 |
| 050 ## - CALL NUMBER | |
| Classification number | HD31 |
| Item number | .G93 |
| 100 ## - AUTHOR | |
| Personal name | Abrefa-Gyan, Kwame |
| 245 ## - TITLE | |
| Title | Business management and administration: |
| Remainder of title | for professional and tertiary students / |
| Statement of responsibility, etc | Kwame Abrefa-Gyan |
| 250 ## - EDITION | |
| Edition statement | 2nd |
| 260 ## - PUBLICATION INFORMATION | |
| Place of publication | Accra |
| Name of publisher | The Clems Ventures Ltd |
| Year of publication | 2010 |
| 300 ## - DESCRIPTION | |
| Number of Pages | xi, 309p. |
| Dimensions | 20cm |
| 505 ## - FORMATTED CONTENTS NOTE | |
| Table of Content | Chapter 1. Nature of Management<br/>Chapter 2. Evolution of Management Theory<br/>Chapter 3. Organisational Environment<br/>Chapter 4. Social and Ethical Responsibilities of Management<br/>Chapter 5. Planning and Strategic Management<br/>Chapter 6. Decision making and Problem Solving<br/>Chapter 7. Organising<br/>Chapter 8. Define<br/>Chapter 9. Organisational Control<br/>Chapter 10. Leadership Concept<br/>Chapter 11. Motivation <br/>Chapter 12. Managing Conflict<br/>Chapter 13. Meaning of Communication <br/>Chapter 14. Management Information Systems<br/>Chapter 15. Marketing Managemet<br/> |
| 650 ## - SUBJECTS | |
| Topical Term | Management |
| 942 ## - ADDED ENTRY ELEMENTS (KOHA) | |
| Koha item type | Books |
| Withdrawn status | Lost status | Collection code | Home library | Current library | Shelving location | Date acquired | Cost, normal purchase price | Full call number | Accession Number | Koha item type |
|---|---|---|---|---|---|---|---|---|---|---|
| Reference | Methodist University Library Main | Methodist University Library Main | General Stacks | 03/01/2011 | 0.00 | HD31 .G93 | 33279 | Books | ||
| Non-fiction | Methodist University Library Main | Methodist University Library Main | General Stacks | 21/01/2011 | 1.00 | HD31 .G93 | 32858 | Books | ||
| Non-fiction | Methodist University Library Main | Methodist University Library Main | General Stacks | 21/01/2011 | 1.00 | HD31 .G93 | 32859 | Books | ||
| Reference | Methodist University Library Main | Methodist University Library Main | General Stacks | 21/01/2011 | 1.00 | HD31 .G93 | 32857 | Books | ||
| Non-fiction | Methodist University Library Main | Methodist University Library Main | General Stacks | 21/01/2011 | HD31 .G93 | 32861 | Books | |||
| Non-fiction | Methodist University Library Main | Methodist University Library Main | General Stacks | 21/01/2011 | HD31 .G93 | 32863 | Books | |||
| Non-fiction | Methodist University Library Main | Methodist University Library Main | General Stacks | 21/01/2011 | HD31 .G93 | 32875 | Books |